ბათუმის შოთა რუსთაველის სახელმწიფო უნივერსიტეტის ბიბლიოთეკა

აჭარაში გავრცელებულ ყოჩივარდასა (cyclamen L) და თეთრყვავილას (Galanthus L) პოპულაციების ბიოეკოლოგიური თავისებურებები / (ბიბ.ჩანაწერი № 57795)

000 -ლიდერი
ფიქსირებული სიგრძის საკონტროლო ველი 01678nam a22002657a 4500
003 - საკონტროლო ნომრის იდენტიფიკატორი
საკონტროლო ველი Ge_BSU
005 - ბოლო ოპერაციის თარიღი და დრო
საკონტროლო ველი 20221221150330.0
008 - ფიქსირებული სიგრძის მონაცემთა ელემენტები - ზოგადი ინფორმაცია
ფიქსირებული სიგრძის საკონტროლო ველი 201208s2020 ge ||||| |||| 00| 0 geo d
041 ## - ენის კოდი
Language code of text/sound track or separate title geo
080 ## - უნივერსალური ათობითი კლასიფიკაციის ინდექსი
Universal Decimal Classification number 581.7 მ-18
100 ## - მთავარი ჩანაწერი - პიროვნების სახელი
Personal name მაკარაძე,ელზა
9 (RLIN) 9854
245 ## - ცნობა სათაურის შესახებ
Title აჭარაში გავრცელებულ ყოჩივარდასა (cyclamen L) და თეთრყვავილას (Galanthus L) პოპულაციების ბიოეკოლოგიური თავისებურებები /
Statement of responsibility, etc ელზა მაკარაძე; სამეც. ხელმძღვ. ნათელა ვარშანიძე, გალინა მეფარიშვილი
264 ## - წარმოების, გამოცემის, დისტრიბუციის და სხვა ცნობები
გამოცემის, წარმოების, დისტრიბუციის... ადგილი ბათუმი,
გამოცემის, წარმოების, დისტრიბუციის... თარიღი 2020.
300 ## - ფიზიკური აღწერა
Extent 109 გვ.
Other physical details 30 სმ.
504 ## - BIBLIOGRAPHY, ETC. NOTE
Bibliography, etc ბიბლიოგრ. გვ. 96-109
653 ## - INDEX TERM--UNCONTROLLED
Uncontrolled term ბიოლოგია
653 ## - INDEX TERM--UNCONTROLLED
Uncontrolled term ბიომრავალფეროვნრბა
653 ## - INDEX TERM--UNCONTROLLED
Uncontrolled term ფიტოპათოლოგია
653 ## - INDEX TERM--UNCONTROLLED
Uncontrolled term ბიოეკოლოგია
653 ## - INDEX TERM--UNCONTROLLED
Uncontrolled term დისერტაცია
700 ## - ADDED ENTRY--PERSONAL NAME
Personal name ვარშანიძე, ნათელა
Relator term სამეცნ. ხელმძღვანელი
9 (RLIN) 5845
700 ## - ADDED ENTRY--PERSONAL NAME
Personal name მეფარიშვილი, გალინა
Relator term სამეცნ. ხელმძღვანელი
9 (RLIN) 9855
710 ## - ADDED ENTRY--CORPORATE NAME
Corporate name or jurisdiction name as entry element საბუნებისმეტყველო მეცნიერებათა და ჯანდაცვის ფაკულტეტი
9 (RLIN) 9856
Subordinate unit ბიოლოგიის დეპარტამენტი
942 ## - ADDED ENTRY ELEMENTS (KOHA)
Source of classification or shelving scheme
Koha item type დისერტაცია
ეგზემპლარები
ჩამოწერის სტატუსი დაკარგული ეგზემპლარის სტატუსი კლასიფიკაციის წყარო ან თაროზე გაწყობის სქემა დაზიანების სტატუსი არ გაიცემა მუდმივი მდებარეობა (დაცვის ადგილი) ამჟამინდელი ადგილსამყოფელი თაროზე განთავსების ადგილი შეძენის თარიღი ღირებულება, შესყიდვის ნორმალური ფასი სრული შენახვის შიფრი შტრიხკოდი ბოლო ოპერაციის თარიღი ეგზემპლარის მიმდევრობითი ნომერი (კეტერი?) ფასის ძალაში შესვლის თარიღი ეგზემპლარის სახეობა საჯარო შენიშვნა
          ბათუმის შოთა რუსთაველის სახელმწიფო უნივერსიტეტის მთავარი ბიბლიოთეკა ბათუმის შოთა რუსთაველის სახელმწიფო უნივერსიტეტის მთავარი ბიბლიოთეკა წიგნსაცავი 2020-12-08 0.00 581.7 მ-18 343 დისერტაცია 2020-12-08 343 დისერტაცია 2020-12-08 დისერტაცია